Popularne albumy rap/trap tygodnia 01-07.01 - Statystyki

Ogólne statystyki
  • Ten quiz został rozwiązany 11 razy
  • Średni wynik to 11 z 15
Statystyki odpowiedzi
Wykonawca Data wydania Album % Poprawnych
SB Maffija 8 czerwca 2020 Hotel Maffija
90%
Kabe 20 listopada 2020 Mowgli
90%
chillwagon 22 grudnia 2020 chillwagon 2.0
80%
Taco Hemingway 4 września 2020 Europa
80%
Białas 5 sierpnia 2020 H8M5
80%
Kali x Major SPZ 11 grudnia 2020 HUCPA
80%
Taco Hemingway 28 sierpnia 2020 Jarmark
80%
Guzior 4 grudnia 2020 PLEŚŃ
80%
Kizo 23 października 2020 Posejdon
80%
Quebonafide 1 kwietnia 2020 Romantic Psycho
80%
Mata 17 stycznia 2020 100 dni do matury
70%
White 2115 28 sierpnia 2020 Rockstar: Do zachodu słońca
70%
Bedoes & Lanek 29 listopada 2019 Opowieści z Doliny Smoków
60%
Pezet 27 września 2019 Muzyka współczesna
50%
Kukon 25 grudnia 2020 Ogrody Mixtape 2
50%
Nie znaleziono quizów pasujących do podanych kryteriów
Rozkład punktacji
Procent ludzi z każdym wynikiem
Percentyl według liczby udzielonych odpowiedzi
Twoja historia wyników
Nie rozwiązałeś tego quizu